000 01060aas a2200241 4500
003 BR-BrBNA
005 20241016115734.0
007 ta
008 230119b bl ||||| |||| 00| 0 por d
022 _a0100-0683
035 _a000485-5
040 _aBR-BrBNA
_bPor
_cBR-BrBNA
042 _a065600-3
044 _abl
245 _aRevista Brasileira de Ciência do Solo (Brazil)
260 _aViçosa-MG
_bSociedade Brasileira de Ciência do Solo
_c1977
_eBMG
270 _aCaixa Postal 231 - 36571-000 Viçosa-MG
310 _abimestral (de dois em dois meses)
505 _a1977-96 1-20(1-3); 1997-02 21-26(1-4); 2003-07 28-31(1-6 online); 2008 32(1-6, número especial online); 2009-15 33-39(1-6 online); 2016 40(103 artigos); 2017 41(83 artigos online); 2018 42(78 artigos online); 2019 43(43 artigos online); 2020 44(64 artigos online); 2021 45(53 artigos online); 2022 46(48 artigos online); 2023 47(45 artigos + número especial online); 2024 48(32 artigos online).
650 1 2 _gPEDOLOGIA
856 _uhttps://www.scielo.br/j/rbcs/
942 _cCR
_2AGRIS
999 _c808
_d808